00516nam a22001577a 450000500170000001000150001702000260003203500130005803700130007108200120008410000150009624501200011126000340023127000640026530000290032920130605114137.0 aENG-107527 a9788170948773c295.00 aEN-91060 bDBAD/PUB a332.678 aDutt, Ashu a(Fifteen) 15 easy steps to mastering technical charts :cby Ashu Duttbhow to hugely increse your trading profits / aNew DelhibVision Booksc2013 a24, Feroze Gandhi Road, Lajpat Nagar-IIIbNew Delhie110024 a149p. :c22cm(pbk)bill.